[Event "Thai Dai Van Nguyen vs Nigel Short 2020"]
[Site "Prague"]
[Date "2020.10.12"]
[Round "9.1"]
[White "Short, Nigel D"]
[Black "Nguyen, Thai Dai Van"]
[Result "1/2-1/2"]
[WhiteElo "2626"]
[BlackElo "2571"]
[Annotator "TA"]
[PlyCount "83"]
[EventDate "2020.10.10"]
[EventCountry "CZE"]
[SourceTitle "playchess.com"]
[Source "ChessBase"]
[SourceQuality "1"]

{[%evp 20,83,13,19,16,0,0,-7,0,-15,-13,-15,-6,0,0,0,0,-45,-80,-91,-68,-106,-79,-349,-30,-32,-35,-50,-48,-39,-51,-48,-11,-75,-11,-11,-11,-113,-91,-101,-93,-118,-111,-203,-203,-203,-183,-203,-203,-195,-195,-189,-144,-136,0,0,0,0,0,0,0,0,0,0,0,0]} 1. d4 d5 2. c4 e6 3. Nc3 Nf6 4. Nf3 c5 5. cxd5 Nxd5 6. e4 Nxc3 7. bxc3 cxd4 8. cxd4 Bb4+ 9. Bd2 Bxd2+ 10. Qxd2 O-O 11. Rc1 b6 {D41: Queen's Gambit Declined: Semi-Tarrasch with 5 cxd5.} 12. h4 Bb7 13. Bd3 {[#]} Nd7 $146 ({Predecessor:} 13... Nc6 14. Bb1 Qd6 15. h5 Rfd8 16. e5 Qb4 17. Be4 Rac8 18. Bxc6 Qxd2+ 19. Kxd2 Bxc6 {½-½ (59) Navara,D (2717)-Krassowizkij,J (2436) Austria 2019}) 14. h5 h6 15. e5 Qe7 16. O-O Bxf3 17. gxf3 f6 18. Rc7 Qd8 ({Reject} 18... Nxe5 $6 19. Rxe7 Nxf3+ 20. Kg2 $16) 19. Rc6 fxe5 20. Re1 Rf4 {aiming for ...Qg5+.} ({Of course not} 20... exd4 $6 21. Rexe6 Rc8 22. Bc4 $11) 21. Bc4 $2 {[%mdl 8192]} (21. Re4 $17) 21... Nc5 $2 ({Weaker is} 21... Rxd4 22. Bxe6+ Kh8 23. Qe3 $11) ({Black should try} 21... Qg5+ $1 $19 22. Kf1 Qxh5 23. Bxe6+ Kh8) 22. Rxe5 $11 Qxd4 23. Qxd4 Rxd4 24. Bxe6+ Nxe6 25. Rexe6 {[%mdl 4096] Endgame KRR-KRR} Rad8 26. Kg2 (26. Re7 $11) 26... R4d5 (26... R8d5 $17 27. Rg6 Rd7) 27. f4 $1 Rf8 28. Kg3 (28. Rc7 $11) 28... Rxh5 29. Rc7 {[#]} Rhf5 $1 30. Rxa7 Rxf4 31. Ra3 (31. Re2 $17 {was called for.}) 31... Rxf2 $19 32. Rxb6 Rc2 33. Ra7 Rc3+ 34. Kg4 Rc4+ 35. Kg3 Rd8 36. Rg6 {[#]} Rd3+ (36... Rc3+ $1 $17 37. Kf4 Rf8+ 38. Kg4 Rf7 39. Rxf7 Kxf7) 37. Kf2 $11 {The position is equal.} Rc2+ 38. Ke1 Kf8 39. Rgxg7 Rh3 40. Rgf7+ Ke8 {Hoping for ...Rh1+.} 41. Kd1 {Intending Rh7! and mate.} Rxa2 {( -> ...Rh1+)} 42. Rfe7+ {Black had all chances to win. Accuracy: White = 61%, Black = 71%.} 1/2-1/2

[Event "Thai Dai Van Nguyen vs Nigel Short 2020"]
[Site "Prague"]
[Date "2020.10.12"]
[Round "10.1"]
[White "Nguyen, Thai Dai Van"]
[Black "Short, Nigel D"]
[Result "1/2-1/2"]
[WhiteElo "2571"]
[BlackElo "2626"]
[Annotator "TA"]
[PlyCount "117"]
[EventDate "2020.10.10"]
[EventCountry "CZE"]
[SourceTitle "playchess.com"]
[Source "ChessBase"]
[SourceQuality "1"]

{[%evp 9,117,26,86,76,106,90,97,98,113,97,138,151,200,185,177,189,193,160,159,171,176,160,146,136,166,115,145,122,193,193,193,186,191,191,181,171,179,147,139,134,130,132,170,164,190,171,181,146,138,97,105,104,197,198,211,39,47,47,23,0,0,-8,0,-7,0,0,0,0,0,0,0,0,0,0,0,0,0,0,0,0,0,0,0,0,0,0,0,0,0,0,0,0,0,0,0,0,0,0,0,0,0,0,0,0,0,0,0,0,0,0]} 1. Nf3 c5 2. c4 Nc6 3. Nc3 e6 4. g3 g5 5. h3 {[#]} h6 $146 (5... Bg7 $11 {remains equal.}) ({Predecessor:} 5... Bg7 6. Bg2 h6 7. e3 Nge7 8. d4 d6 9. O-O Nf5 10. d5 exd5 11. Nxd5 O-O {0-1 (46) Erdos,V (2621)-Ponkratov,P (2630) chess.com INT 2020}) 6. d4 $16 {A35: Symmetrical English: 2 Nc3 Nc6 3 Nf3.} d6 7. Bg2 Bg7 {[%cal Rc5d4]} 8. dxc5 {White is better.} dxc5 9. Qxd8+ Kxd8 10. Be3 Nd4 {With the idea ...Nc2+.} 11. Nxd4 cxd4 {[#]} 12. Bxd4 $1 {[%mdl 512]} Bxd4 13. O-O-O Ke7 14. Rxd4 Nf6 15. Rhd1 Rb8 16. b3 a6 17. a4 (17. Rd6 $18) 17... a5 18. Kb2 Bd7 (18... b6 $16 {might work better.} 19. Nb5 Bb7) 19. Ne4 $18 Bc6 20. Nxf6 {Strongly threatening Bxc6.} Bxg2 21. Ng4 Bc6 22. Ne5 Be8 23. c5 Rc8 24. c6 Bxc6 25. Nxc6+ bxc6 $16 {[%mdl 4096] Endgame KRR-KRR} 26. Rd7+ Kf6 27. R1d3 Kg6 28. Kc3 h5 29. e4 g4 {[#]} 30. h4 $1 Rb8 {[#]} (30... Kf6 $16 {was called for.}) 31. Ra7 $1 $18 Rb4 32. f3 $2 ({White should try} 32. Rxa5 $18 Rhb8 33. Kc2) 32... Rhb8 $14 33. Kc2 c5 $1 {[%cal Bc6c5,Bc5c4][%mdl 32] Threatening ...c4.} 34. Rxa5 c4 $1 {[%cal Rc4d3] The position is equal.} 35. Rc3 cxb3+ 36. Kb2 Rd8 {aiming for ...Rd2+.} 37. Rb5 Rxa4 38. Kxb3 Rda8 39. Rg5+ Kf6 40. fxg4 {Black must now prevent e5+.} Ra3+ 41. Kc2 Rxc3+ 42. Kxc3 $11 {KR-KR} Ra3+ $1 43. Kd2 Rxg3 44. e5+ Ke7 45. gxh5 {[%mdl 64] Discovered Attack} Rh3 46. Rg4 {And now h6 would win.} Ra3 47. h6 {h7 is the strong threat.} Ra8 48. h7 Rh8 49. Rg7 Kf8 50. Rg8+ Rxg8 51. hxg8=Q+ Kxg8 {KPP-KPP} 52. Ke3 {White wants to mate with Kf4.} Kg7 53. Kf4 {Threatening mate with Kg5.} Kg6 54. Kg4 {h5+ would kill now.} f5+ 55. exf6 Kxf6 56. Kf4 Kg6 57. h5+ Kxh5 58. Ke5 Kh4 59. Kxe6 {Black defended with fortune. Accuracy: White = 85%, Black = 78%.} 1/2-1/2